Un poco de ciencia para todo mundo /

Obra de divulgación científica que muestra el desarrollo de la ciencia en el siglo XX, en especial de la física y la química, y cuyo propósito del autor es plantear un panorama general, sobre todo de los acontecimientos científicos más relevantes que permiten comprender los fenómenos de la naturalez...

Mô tả đầy đủ

Đã lưu trong:
Chi tiết về thư mục
Tác giả chính: Allègre, Claude (autor)
Định dạng: Sách
Ngôn ngữ:Tiếng Tây Ban Nha
Được phát hành: Barcelona, España : Paidós, 2005, c2005
Loạt:(Paidós Transiciones ; 57)
Những chủ đề:
Các nhãn: Thêm thẻ
Không có thẻ, Là người đầu tiên thẻ bản ghi này!

MARC

LEADER 00000nam^a2200000^a^4500
001 000181329
005 20250521000000.0
009 20260310101929.332
020 |a 84-493-1705-3 
037 |a Acervo ITESO - Biblioteca 
041 |a ESP 
082 |a 509. 04  |b ALL 
100 |a Allègre, Claude  |e (autor) 
245 1 3 |a Un poco de ciencia para todo mundo /  |c C. Allègre ; tr. por Godofrefo González. 
264 4 |a Barcelona, España :  |b Paidós,  |c 2005, c2005 
300 |a 268 p. 
336 |a texto  |b txt  |2 rdacontenido 
337 |a sin mediación  |b n  |2 rdamedio 
338 |a volumen  |b nc  |2 rdasoporte 
440 1 |a (Paidós Transiciones ;  |v 57) 
500 |a Traducción de: Un peu de science pour tout le monde 
520 |a Obra de divulgación científica que muestra el desarrollo de la ciencia en el siglo XX, en especial de la física y la química, y cuyo propósito del autor es plantear un panorama general, sobre todo de los acontecimientos científicos más relevantes que permiten comprender los fenómenos de la naturaleza. 
649 |a XX 
650 |a Atomos 
650 |a Luz 
650 |a Fuerza y Energía 
650 |a Electricidad 
650 |a Termodinámica 
650 |a Gravitación 
650 |a Relatividad (Física) 
650 |a ADN 
650 |a Probabilidad 
650 |a Satélites 
650 |a Universo 
650 |a Mecánica 
650 |a Geofísica 
650 |a Astronomía 
650 |a Física 
650 |a Química 
650 |a Descubrimientos Científicos 
650 |a Ciencia -  |x Historia -  |y Siglo XX 
600 |a Mecánica Cuántica 
910 |a Fondo General 
920 |a Impresos - Libros 
930 |a Colección General 
905 |a 101 
901 |a 0500121330  |b IT1  |c ACC  |u 20250521 
902 |a https://opac.biblio.iteso.mx/vufind/Record/000181329